Environment and citizenship (Record no. 23353)
[ view plain ]
| 000 -LEADER | |
|---|---|
| fixed length control field | 02175nam a2200433 a 4500 |
| 082 04 - DEWEY DECIMAL CLASSIFICATION NUMBER | |
| Classification number | 333.72 |
| Classification number | 363.7'056 22 22 |
| 100 1# - MAIN ENTRY--AUTHOR NAME | |
| Personal name | Smith, Mark J., |
| 245 10 - TITLE STATEMENT | |
| Title | Environment and citizenship |
| 260 ## - PUBLICATION, DISTRIBUTION, ETC. (IMPRINT) | |
| Place of publication | London ; |
| -- | New York : |
| Name of publisher | Zed Books ; |
| Place of publication | New York : |
| Name of publisher | Distributed in the USA exclusively by Palgrave Macmillan, |
| Year of publication | 2008. |
| 300 ## - PHYSICAL DESCRIPTION | |
| Number of Pages | x, 294 p. : |
| Other physical details | ill., maps. |
| 505 0# - FORMATTED CONTENTS NOTE | |
| Formatted contents note | From environmental justice to environmental citizenship -- Citizens, citizenship and citizenization -- Rethinking environment and citizenship -- Environmental governance, social movements and citizenship in a global context -- Corporate responsibility and environmental sustainability -- Environmental borderlands -- Insiders and outsiders in environmental mobilizations in South-East Asia -- The new vocabulary of ecological citizenship. |
| 650 #0 - SUBJECT ADDED ENTRY--TOPICAL TERM | |
| Topical Term | Political ecology. |
| Topical Term | Citizenship. |
| Topical Term | Environmental responsibility. |
| Topical Term | Sustainable development. |
| Topical Term | Environmental protection |
| 700 1# - ADDED ENTRY--PERSONAL NAME | |
| Personal name | Pangsapa, Piya. |
| 856 40 - ELECTRONIC LOCATION AND ACCESS | |
| Uniform Resource Identifier | http://site.ebrary.com/lib/rucke/Doc?id=10269619 |
No items available.
